000 00382 a2200169 4500
001 175291
020 _a85-08-04398-8
040 _cMagnum
100 _aVesentini, José William
240 1 0 _aBrasil: sociedade e espaço
_lpor
245 1 0 _aBrasil: sociedade e espaço
300 _a320
362 0 _a1996
440 1 _aÁtica
697 _aGEOGRAFIA DO BRASIL
942 _cBK
999 _c175291
_d175291